000 00311nam a22001457a 4500
003 SGT
082 _a330,KAM
100 _aKAMATH,NANDAN
245 _aCOMPUTER INTERNET AND E-COMMERCE
250 _a5TH
260 _aNEW DELHI
_bUNIVERSAL BOOK
_c2015
300 _a846
650 _aE-COMMERCE
942 _2ddc
_cBK
999 _c9799
_d9799